<?xml version="1.0" encoding="UTF-8"?>
<record
    xmlns:xsi="http://www.w3.org/2001/XMLSchema-instance"
    xsi:schemaLocation="http://www.loc.gov/MARC21/slim http://www.loc.gov/standards/marcxml/schema/MARC21slim.xsd"
    xmlns="http://www.loc.gov/MARC21/slim">

  <leader>01451nam a2200361Ia 4500</leader>
  <controlfield tag="005">20220317000412.0</controlfield>
  <controlfield tag="008">141031s9999 c k 000 0 spa d</controlfield>
  <datafield tag="020" ind1=" " ind2=" ">
    <subfield code="a">9789871801633</subfield>
  </datafield>
  <datafield tag="245" ind1="0" ind2="0">
    <subfield code="a">&#xBF;Qui&#xE9;n soy?</subfield>
    <subfield code="b">relatos sobre identidad, nietos y reencuentros </subfield>
    <subfield code="c">Bombara, Rivera, Andruetto [y otro] ; ilustraciones Singer, Wernicke, Istvansch [y otro] ; edici&#xF3;n Laura Giussani y Judith Wilhelm</subfield>
  </datafield>
  <datafield tag="250" ind1=" " ind2=" ">
    <subfield code="a">1a. edici&#xF3;n</subfield>
  </datafield>
  <datafield tag="300" ind1=" " ind2=" ">
    <subfield code="a">102 p&#xE1;ginas</subfield>
    <subfield code="b">ilustraciones y fotograf&#xED;as en color</subfield>
    <subfield code="c">26 cm</subfield>
  </datafield>
  <datafield tag="650" ind1="1" ind2="4">
    <subfield code="2">LEMB</subfield>
    <subfield code="a">Cuentos infantiles argentinos</subfield>
    <subfield code="y">Siglo XX</subfield>
  </datafield>
  <datafield tag="650" ind1="1" ind2="4">
    <subfield code="2">LEMB</subfield>
    <subfield code="a">Hermanos</subfield>
    <subfield code="v">Cuentos juveniles</subfield>
  </datafield>
  <datafield tag="650" ind1="1" ind2="4">
    <subfield code="2">LEMB</subfield>
    <subfield code="a">Cartas</subfield>
    <subfield code="v">Cuentos juveniles</subfield>
  </datafield>
  <datafield tag="650" ind1="1" ind2="4">
    <subfield code="2">LEMB</subfield>
    <subfield code="a">Perros</subfield>
    <subfield code="v">Cuentos juveniles</subfield>
  </datafield>
  <datafield tag="700" ind1="1" ind2="0">
    <subfield code="a">Bombara, Paula,</subfield>
    <subfield code="d">1972-</subfield>
    <subfield code="9">14758</subfield>
  </datafield>
  <datafield tag="700" ind1="1" ind2="0">
    <subfield code="a">Rivera, Iris,</subfield>
    <subfield code="d">1950-</subfield>
    <subfield code="9">14759</subfield>
  </datafield>
  <datafield tag="700" ind1="1" ind2="0">
    <subfield code="a">Andruetto, Mar&#xED;a Teresa,</subfield>
    <subfield code="d">1954-</subfield>
    <subfield code="9">3526</subfield>
  </datafield>
  <datafield tag="700" ind1="1" ind2="0">
    <subfield code="a">M&#xE9;ndez, Mario,</subfield>
    <subfield code="d">1965-</subfield>
    <subfield code="9">14760</subfield>
  </datafield>
  <datafield tag="700" ind1="1" ind2="0">
    <subfield code="a">Singer, Irene</subfield>
    <subfield code="e">ilustrador</subfield>
    <subfield code="9">14754</subfield>
  </datafield>
  <datafield tag="700" ind1="1" ind2="0">
    <subfield code="a">Wernicke, Mar&#xED;a,</subfield>
    <subfield code="d">1958-</subfield>
    <subfield code="e">ilustrador</subfield>
    <subfield code="9">41021</subfield>
  </datafield>
  <datafield tag="700" ind1="1" ind2="0">
    <subfield code="a">Istvan,</subfield>
    <subfield code="d">1968-</subfield>
    <subfield code="e">ilustrador</subfield>
    <subfield code="9">41022</subfield>
  </datafield>
  <datafield tag="700" ind1="1" ind2="0">
    <subfield code="a">Bernasconi, Pablo,</subfield>
    <subfield code="d">1973-</subfield>
    <subfield code="e">ilustrador</subfield>
    <subfield code="9">9944</subfield>
  </datafield>
  <datafield tag="700" ind1="1" ind2="0">
    <subfield code="a">Giussani, Laura</subfield>
    <subfield code="e">editor</subfield>
    <subfield code="9">41023</subfield>
  </datafield>
  <datafield tag="700" ind1="1" ind2="0">
    <subfield code="a">Wilhelm, Judith</subfield>
    <subfield code="e">editor</subfield>
    <subfield code="9">41024</subfield>
  </datafield>
  <datafield tag="942" ind1=" " ind2=" ">
    <subfield code="2">loc</subfield>
    <subfield code="c">BKLIT</subfield>
  </datafield>
  <datafield tag="264" ind1=" " ind2=" ">
    <subfield code="a">Buenos Aires</subfield>
    <subfield code="b">Calibroscopio</subfield>
    <subfield code="c">2013</subfield>
  </datafield>
  <datafield tag="336" ind1=" " ind2=" ">
    <subfield code="a">texto</subfield>
    <subfield code="b">txt</subfield>
    <subfield code="2">rdacontent</subfield>
  </datafield>
  <datafield tag="337" ind1=" " ind2=" ">
    <subfield code="a">sin mediaci&#xF3;n</subfield>
    <subfield code="b">n</subfield>
    <subfield code="2">rdamedia</subfield>
  </datafield>
  <datafield tag="338" ind1=" " ind2=" ">
    <subfield code="a">volumen</subfield>
    <subfield code="b">nc</subfield>
    <subfield code="2">rdacarrier</subfield>
  </datafield>
  <datafield tag="040" ind1=" " ind2=" ">
    <subfield code="a">CO-BoRNBP</subfield>
    <subfield code="b">spa</subfield>
    <subfield code="e">rda</subfield>
    <subfield code="c">CO-BoRNBP</subfield>
  </datafield>
  <datafield tag="084" ind1=" " ind2=" ">
    <subfield code="a">C QUI13</subfield>
  </datafield>
  <datafield tag="999" ind1=" " ind2=" ">
    <subfield code="c">3943</subfield>
    <subfield code="d">3943</subfield>
  </datafield>
</record>
